[Event "Los Angeles 1000GM Spring op"]
[Site "Los Angeles"]
[Date "2023.03.18"]
[Round "3"]
[White "Chiang, Jacob"]
[Black "Gutla, Aryan"]
[Result "1-0"]
[WhiteElo "2042"]
[BlackElo "2385"]
[PlyCount "47"]
[EventDate "2023.03.17"]
[EventType "swiss"]
[EventRounds "9"]
[EventCountry "USA"]
[SourceTitle "CBM 213 Extra"]
[Source "ChessBase"]
[SourceDate "2023.05.31"]
[SourceVersion "1"]
[SourceVersionDate "2023.05.31"]
[SourceQuality "1"]

1. c4 e6 2. Nc3 Nf6 3. e4 d5 4. cxd5 exd5 5. e5 Ne4 6. Nf3 Bc5 7. d4 Bb4 8. Qc2 0-0 9. Bd3 Bg4 10. Be3 c5 11. dxc5 Qa5 12. 0-0 Bxf3 13. Nxd5 Bxc5 14. gxf3 Bxe3 15. Bxe4 Bd4 16. Ne7+ Kh8 17. Bxb7 Qxe5 18. Rae1 Qg5+ 19. Kh1 Be5 20. Qe4 Nd7 21. Bxa8 Bf4 22. Rg1 Qh6 23. Rg2 Nf6 24. Qd4 1-0